| 000 | 00963nam a2200265Ia 4500 | ||
|---|---|---|---|
| 003 | OSt | ||
| 005 | 20220923211227.0 | ||
| 006 | a|||||r|||| 00| 0 | ||
| 007 | ta | ||
| 008 | 220922b |||||||| |||| 00| 0 hin d | ||
| 020 |
_a9788170565185 (hbk) _c500 |
||
| 024 | _a273,281 | ||
| 037 |
_b23061, 16/08/2013, Kitab Ghar _cTextual |
||
| 040 |
_aARTS _cARTS _bhin |
||
| 041 |
_2hin _ahin |
||
| 082 | _aO152,1N11:g(R), Q0 | ||
| 100 | _aशर्मा, मीता | ||
| 245 | 0 | _aअज्ञेय का काव्य जीवन सत्य और दर्शन | |
| 246 | _aAjnyeya kā kāvya jīvan satya aur darshana | ||
| 260 |
_aजयपुर _b पंचशील प्रकाशन _c2010 |
||
| 300 |
_a304पृ. _ccm. |
||
| 650 |
_aहिन्दी साहित्य _9156264 |
||
| 942 |
_hO152,1N11:g(R), Q0 _cTEXL _2CC |
||
| 999 |
_c297258 _d297258 |
||